000 00894nam a2200217 i 4500
001 174977
003 ES-MaACL
005 20240507111709.0
008 100831s1980 sp ao |||| |dspa d
080 _a820 Shakespeare, William 7 Hamlet.06(0:792)
245 0 3 _aLa trágica historia de Hamlet, Príncep de Dinamarca /
_cde William Shakespeare ; [Programa de la representación del Teatre Itinerant Català].
246 3 4 _aHamlet
260 _a[Barcelona] :
_bObra Cultural de la Caja de Pensiones,
_c[1980]
300 _a43 p. :
_bil. neg. y col., fot. ;
_c30 cm.
594 _aTrad. directa del inglés y versión: Terenci Moix.
600 1 4 _aShakespeare, William,
_d1564-1616.
_tHamlet
_9105997
700 1 _aMoix, Terenci.
_981822
710 2 _aCaja de Pensiones para la Vejez y de Ahorros de Cataluña y Baleares.
_92328
852 _aES-MaACL
_j2281-F-15
999 _c174977
_d174977